| 000 | 01049nam a22002177a 4500 | ||
|---|---|---|---|
| 003 | BD-DhJNU | ||
| 005 | 20260106023721.0 | ||
| 008 | 260105b |||||||| |||| 00| 0 eng d | ||
| 020 | _a9789849074601 | ||
| 040 |
_aBD-DhJNU _bBEN _cBD-DhJNU _dBD-DhJNU |
||
| 082 |
_223 _a891.441 |
||
| 100 | _aখান, আকবর আলি | ||
| 242 |
_aIn search of the Key : _bJibanananda's 'Banlata Sen' in a new light / _cAkbar Ali Khan |
||
| 245 |
_aচাবিকাঠির খোঁজে : _bনতুন আলোকে জীবনানন্দের ‘বনলতা সেন / _cআকবর আলি খান |
||
| 250 | _a2nd ed. | ||
| 260 |
_aঢাকা : _bপ্রথমা প্রকাশনী, _c2024. |
||
| 300 |
_a২৩৬ পৃ. : _c২২ সে.মি। |
||
| 504 | _aগ্রন্থপঞ্জিগত নির্দেশিকা ও নিঘন্ট অন্তভূক্ত | ||
| 650 | _aসাহিত্য সমালোচনা বিষয়ক প্রবন্ধ | ||
| 942 |
_2ddc _cBK _n0 |
||
| 999 |
_c2491 _d2491 |
||